IFM Opac

Banking Marketing. (Record no. 12267)

MARC details
000 -LEADER
fixed length control field 00546nam a22002057a 4500
003 - CONTROL NUMBER IDENTIFIER
control field OSt
005 - DATE AND TIME OF LATEST TRANSACTION
control field 20220811123427.0
008 - FIXED-LENGTH DATA ELEMENTS--GENERAL INFORMATION
fixed length control field 220811b |||||||| |||| 00| 0 eng d
020 ## - INTERNATIONAL STANDARD BOOK NUMBER
International Standard Book Number 8184110251
040 ## - CATALOGING SOURCE
Transcribing agency IFM Library
082 ## - DEWEY DECIMAL CLASSIFICATION NUMBER
Classification number 332.1 PAT
100 ## - MAIN ENTRY--PERSONAL NAME
Personal name Patnaik, Umesh C.
9 (RLIN) 7917
245 ## - TITLE STATEMENT
Title Banking Marketing.
260 ## - PUBLICATION, DISTRIBUTION, ETC.
Place of publication, distribution, etc. New Delhi:
Name of publisher, distributor, etc. Sonali.
Date of publication, distribution, etc. 2006
300 ## - PHYSICAL DESCRIPTION
Extent ix,255p.:
Other physical details ill.;23cm
500 ## - GENERAL NOTE
General note Includes bibliography and index.
650 ## - SUBJECT ADDED ENTRY--TOPICAL TERM
Topical term or geographic name entry element Banking-Marketing.
9 (RLIN) 7918
700 ## - ADDED ENTRY--PERSONAL NAME
Personal name Chhatoi, Basudev
9 (RLIN) 7919
942 ## - ADDED ENTRY ELEMENTS (KOHA)
Koha item type Books
Source of classification or shelving scheme Dewey Decimal Classification
Suppress in OPAC No
Holdings
Withdrawn status Lost status Damaged status Not for loan Collection code Home library Current library Shelving location Date acquired Source of acquisition Total Checkouts Full call number Barcode Date last seen Price effective from Koha item type
        Non-fiction IFM Main Campus Library IFM Main Campus Library General Collection 09/27/2021 Purchase   332.1PAT 0000029258 06/24/2015 02/19/2022 Books